Statistics for Summer Love - One Direction - All Lyrics

Click here to take the quiz!

General Stats

  • This quiz has been taken 21 times
  • The average score is 216 of 253

Answer Stats

Answer% Correct
a
100%
be
100%
I
100%
love)
100%
love
100%
my
100%
(Summer
100%
summer
100%
the
100%
(Will
100%
will
100%
You
100%
you
100%
your
100%
you're
100%
all
94%
always
94%
and
94%
And
94%
Can't
94%
can't
94%
Don't
94%
don't
94%
for
94%
in
94%
know
94%
not
94%
that
94%
to
94%
we
94%
We
94%
were
94%
'Cause
88%
have
88%
it
88%
like
88%
mine
88%
ooh-ooh
88%
over
88%
time
88%
time,
88%
won't
88%
But
81%
cry
81%
Feels
81%
gonna
81%
had
81%
Had
81%
it's
81%
just
81%
Just
81%
say
81%
So,
81%
so
81%
bags
75%
believe
75%
best
75%
call
75%
forget
75%
hard
75%
me
75%
nearly
75%
now
75%
Now
75%
packing
75%
promise
75%
remember
75%
remember)
75%
September
75%
snow
75%
this
75%
Trying
75%
when
75%
worst
75%
write
75%
Yeah,
75%
(Yeah)
75%
you'll
75%
alone
69%
could
69%
goodbye
69%
last
69%
Make
69%
make
69%
on
69%
way
69%
any
63%
at
63%
first
63%
is
63%
look
63%
please,
63%
rewind
63%
word
63%
button
56%
grey
56%
lips
56%
Push
56%
sky
56%
some
56%
that's
56%
harder
50%
take
50%
Wish
50%
change,
44%
change
44%
find
44%
further
44%
hide
44%
place
44%
there's
44%
nothing
38%
wanna
38%
If
31%

Score Distribution

Percentile by Number Answered

Percent of People with Each Score

Your Score History

You have not taken this quiz